000 01069nam a22002777a 4500
005 20180224135505.0
010 _aBAC-EN21 ENG-111635 B-663933
020 _a9789351365938
_c299.00
035 _aEN-95167
035 _aB-583265-277
035 _aB-663933
037 _bPansy Books/Ven
_adpl
037 _bDBAD/PUB
082 _a324.254075
100 1 _aShourie, Arun
245 1 0 _aThe only fatherland :
_bcommunists, 'Quit India' and the Soviet Union /
_cby Arun Shourie
260 _aNoida
_bHarper Collins Publishers
_c2014
270 _aA-75,Sector 57
_bNoida
_e201301
300 _a204p.
_c22cm(pbk)
500 _aIncludes index.
610 _aCommunist Party of India (Marxist)
650 _aNaxalite Movement.
942 _2ddc
_cEN
_mSHO
_h324.254075
999 _c89222
_d89222